[Event "AUT-chT2M 2324"]
[Site "Austria"]
[Date "2024.03.17"]
[Round "8.2"]
[White "Heinemann, Thies"]
[Black "Babula, Vlastimil"]
[Result "1/2-1/2"]
[WhiteElo "2432"]
[BlackElo "2539"]
[PlyCount "83"]
[EventDate "2023.11.03"]
[EventType "team-tourn"]
[EventRounds "11"]
[EventCountry "AUT"]
[SourceTitle "CB16_2024"]
[SourceDate "2024.04.17"]
[SourceVersion "1"]
[SourceVersionDate "2024.04.17"]
[SourceQuality "1"]
[WhiteTeam "Graz Styria"]
[BlackTeam "Ansfelden Union"]
[WhiteTeamCountry "AUT"]
[BlackTeamCountry "AUT"]

1. e4 c5 2. Nf3 d6 3. Bb5+ Nd7 4. Ba4 Ngf6 5. 0-0 e6 6. Re1 a6 7. c4 Be7 8. Nc3 0-0 9. d3 Ne5 10. a3 Bd7 11. Bxd7 Nfxd7 12. Rb1 Bf6 13. Nxe5 Nxe5 14. Be3 Qa5 15. b4 Qc7 16. Ne2 Rfd8 17. Nf4 g6 18. Qe2 Nc6 19. Rec1 Qe7 20. Qd2 Rac8 21. h3 Rd7 22. Ne2 Nd4 23. Qd1 Bg7 24. Nxd4 cxd4 25. Bd2 h5 26. a4 Kh7 27. b5 Ra8 28. bxa6 Rxa6 29. a5 Bh6 30. Rb5 Bxd2 31. Qxd2 Rc7 32. Qb2 e5 33. f4 exf4 34. Qxd4 Rc5 35. Qf2 Rxa5 36. Rxa5 Rxa5 37. Qxf4 Ra3 38. Qf3 Kg7 39. Rf1 Rb3 40. Qd1 Rb2 41. Qf3 b5 42. cxb5 1/2-1/2

[Event "AUT-chT2M 2324"]
[Site "Austria"]
[Date "2024.03.16"]
[Round "7.2"]
[White "Babula, Vlastimil"]
[Black "Kovacs, Gabor H"]
[Result "1-0"]
[WhiteElo "2539"]
[BlackElo "2403"]
[PlyCount "49"]
[EventDate "2023.11.03"]
[EventType "team-tourn"]
[EventRounds "11"]
[EventCountry "AUT"]
[SourceTitle "CB16_2024"]
[SourceDate "2024.04.17"]
[SourceVersion "1"]
[SourceVersionDate "2024.04.17"]
[SourceQuality "1"]
[WhiteTeam "Ansfelden Union"]
[BlackTeam "Steyregg"]
[WhiteTeamCountry "AUT"]
[BlackTeamCountry "AUT"]

1. d4 d5 2. c4 e6 3. Nc3 Be7 4. Nf3 Nf6 5. Bf4 0-0 6. e3 Nbd7 7. c5 Nh5 8. Bd3 Nxf4 9. exf4 b6 10. b4 a5 11. a3 c6 12. 0-0 Qc7 13. g3 Ba6 14. Bxa6 Rxa6 15. Qe2 Ra7 16. f5 axb4 17. axb4 Rxa1 18. Rxa1 bxc5 19. fxe6 cxd4 20. exd7 Bf6 21. Ra8 Qxd7 22. Rxf8+ Kxf8 23. Na4 Qb7 24. Nc5 Qxb4 25. Nd7+ 1-0

[Event "CZE-chT 2324"]
[Site "Czech Republic"]
[Date "2023.10.14"]
[Round "1.4"]
[White "Nguyen, Thai Dai Van"]
[Black "Babula, Vlastimil"]
[Result "1-0"]
[WhiteElo "2618"]
[BlackElo "2538"]
[PlyCount "121"]
[EventDate "2023.10.14"]
[EventType "team-tourn"]
[EventRounds "11"]
[EventCountry "CZE"]
[SourceTitle "Mega2024 Update 01"]
[Source "Chessbase"]
[SourceDate "2023.11.12"]
[SourceVersion "1"]
[SourceVersionDate "2023.11.12"]
[SourceQuality "1"]
[WhiteTeam "Novoborsky"]
[BlackTeam "Kromeriz Slavia"]
[WhiteTeamCountry "CZE"]
[BlackTeamCountry "CZE"]

1. d4 Nf6 2. c4 e6 3. Nf3 b6 4. g3 Ba6 5. b3 Bb4+ 6. Bd2 Be7 7. Bg2 0-0 8. 0-0 d5 9. Ne5 c6 10. a4 Nfd7 11. Nd3 Nf6 12. Na3 Nbd7 13. Qc2 Rc8 14. b4 Ne4 15. Rfc1 Bf6 16. b5 cxb5 17. axb5 Bxd4 18. bxa6 Bxa1 19. Rxa1 Nxd2 20. Qxd2 dxc4 21. Nb4 c3 22. Qc2 Rc5 23. Nc6 Qc7 24. Qa4 Nf6 25. Rd1 Nd5 26. Bxd5 exd5 27. Nb4 Qe7 28. e3 Rd8 29. Nac2 g6 30. Rd4 Rd6 31. Qb3 Qd7 32. Rd3 Qc8 33. Qb1 Kg7 34. Qd1 Qe6 35. Rd4 h5 36. e4 Qg4 37. exd5 Qxd1+ 38. Rxd1 Kf6 39. Re1 Rd7 40. Kf1 Re7 41. Rd1 Rc4 42. Nc6 Rd7 43. Ke2 b5 44. N2b4 Kf5 45. Kd3 g5 46. f3 f6 47. Re1 g4 48. f4 h4 49. Re2 h3 50. Re1 Kg6 51. Rc1 Kf5 52. Rc2 Rf7 53. Rc1 Rd7 54. Ra1 Kg6 55. Rb1 Kf5 56. Rb3 Rc7 57. Nc2 Rc5 58. Rxb5 Rxb5 59. N2d4+ Kg6 60. Nxb5 Rd7 61. Nxc3 1-0

[Event "Bratislava exe op"]
[Site "Bratislava"]
[Date "2023.09.23"]
[Round "9"]
[White "Babula, Vlastimil"]
[Black "Bochnicka, Vladimir1111"]
[Result "1-0"]
[WhiteElo "2537"]
[BlackElo "2350"]
[PlyCount "85"]
[EventDate "2023.09.15"]
[EventType "swiss"]
[EventRounds "9"]
[EventCountry "SVK"]
[SourceTitle "EXT 2024"]
[Source "ChessBase"]
[SourceDate "2023.10.10"]
[SourceVersion "1"]
[SourceVersionDate "2023.10.10"]
[SourceQuality "1"]

1. Nf3 d5 2. g3 Bg4 3. Bg2 c6 4. c4 e6 5. 0-0 Nf6 6. d3 Nbd7 7. cxd5 exd5 8. h3 Bxf3 9. exf3 Be7 10. f4 0-0 11. Nd2 Nc5 12. Nf3 Qb6 13. Re1 Rfe8 14. Qc2 Nfd7 15. Be3 Qb5 16. Bf1 Qa4 17. b3 Qa3 18. h4 a5 19. Bh3 Bf6 20. d4 Ne6 21. Ne5 Ndf8 22. h5 h6 23. Bf5 a4 24. Rab1 c5 25. dxc5 d4 26. b4 Bxe5 27. fxe5 Rad8 28. Be4 dxe3 29. Rxe3 Nd4 30. Rxa3 Nxc2 31. Bxc2 Rxe5 32. Rxa4 Ne6 33. Ra7 Ng5 34. Rxb7 Nh3+ 35. Kg2 Nxf2 36. Bb3 Ng4 37. Rxf7 Kh8 38. c6 Rd2+ 39. Kg1 Kh7 40. Rf8 Nf6 41. Rd1 Rxd1+ 42. Bxd1 Re1+ 43. Kg2 1-0

[Event "Bratislava exe op"]
[Site "Bratislava"]
[Date "2023.09.16"]
[Round "2"]
[White "Salgovic, Simon"]
[Black "Babula, Vlastimil"]
[Result "0-1"]
[WhiteElo "2161"]
[BlackElo "2537"]
[PlyCount "50"]
[EventDate "2023.09.15"]
[EventType "swiss"]
[EventRounds "9"]
[EventCountry "SVK"]
[SourceTitle "EXT 2024"]
[Source "ChessBase"]
[SourceDate "2023.10.10"]
[SourceVersion "1"]
[SourceVersionDate "2023.10.10"]
[SourceQuality "1"]

1. e4 c5 2. Nf3 e6 3. b3 a6 4. c4 Nc6 5. Bb2 Nf6 6. e5 Ng4 7. h3 Nh6 8. Bd3 d6 9. exd6 Qxd6 10. Be4 Bd7 11. 0-0 0-0-0 12. b4 Nxb4 13. Be5 Qb6 14. a3 Bc6 15. axb4 Bxe4 16. Nc3 Bxf3 17. Qxf3 cxb4 18. Na4 Qc6 19. c5 Kd7 20. Qb3 Ke8 21. Qxb4 Nf5 22. Rfc1 f6 23. Bf4 Rd4 24. Rc4 Rxc4 25. Qxc4 b5 0-1

[Event "Teplice op"]
[Site "Teplice"]
[Date "2023.06.18"]
[Round "9"]
[White "Zou, Chen"]
[Black "Babula, Vlastimil"]
[Result "1/2-1/2"]
[WhiteElo "2413"]
[BlackElo "2543"]
[PlyCount "78"]
[EventDate "2023.06.10"]
[EventType "swiss"]
[EventRounds "9"]
[EventCountry "CZE"]
[SourceTitle "CBM 214 Extra"]
[Source "ChessBase"]
[SourceDate "2023.07.31"]
[SourceVersion "1"]
[SourceVersionDate "2023.07.31"]
[SourceQuality "1"]

1. d4 Nf6 2. c4 e6 3. Nf3 b6 4. g3 Ba6 5. b3 Bb4+ 6. Bd2 Be7 7. Nc3 d5 8. cxd5 exd5 9. Bg2 0-0 10. 0-0 Re8 11. Rc1 Bb7 12. Ne5 h6 13. Bf4 Na6 14. Nb5 Bf8 15. a3 c5 16. h4 Ne4 17. b4 g5 18. hxg5 hxg5 19. Bd2 Bg7 20. bxc5 bxc5 21. Nf3 g4 22. Nh4 Qd7 23. a4 cxd4 24. Ba5 Rac8 25. Rxc8 Bxc8 26. Nxd4 Nac5 27. Nhf5 Qxa4 28. Qxa4 Nxa4 29. Nxg7 Kxg7 30. Ra1 Bd7 31. Rc1 Rc8 32. Rxc8 Bxc8 33. Kf1 Kf6 34. Nb5 a6 35. Bxe4 dxe4 36. Nc3 Nxc3 37. Bxc3+ Ke6 38. Ke1 e3 39. fxe3 Kd5 1/2-1/2

[Event "Teplice op"]
[Site "Teplice"]
[Date "2023.06.16"]
[Round "7"]
[White "Kusa, Jakub"]
[Black "Babula, Vlastimil"]
[Result "1/2-1/2"]
[WhiteElo "2341"]
[BlackElo "2543"]
[PlyCount "68"]
[EventDate "2023.06.10"]
[EventType "swiss"]
[EventRounds "9"]
[EventCountry "CZE"]
[SourceTitle "CBM 214 Extra"]
[Source "ChessBase"]
[SourceDate "2023.07.31"]
[SourceVersion "1"]
[SourceVersionDate "2023.07.31"]
[SourceQuality "1"]

1. d4 Nf6 2. c4 e6 3. g3 d5 4. Nf3 dxc4 5. Bg2 c6 6. a4 c5 7. 0-0 Nc6 8. dxc5 Bxc5 9. Qxd8+ Kxd8 10. Nbd2 Nd5 11. Nxc4 f6 12. b3 Ke7 13. Bb2 b6 14. Rfd1 Bb7 15. Nd4 Nxd4 16. Bxd4 Bxd4 17. Rxd4 Nc3 18. Rd2 Bxg2 19. Kxg2 Rhd8 20. Rc2 Nd5 21. Nb2 Rac8 22. Rac1 Rxc2 23. Rxc2 e5 24. Kf3 Ke6 25. Nd3 f5 26. e4 fxe4+ 27. Kxe4 Nf6+ 28. Ke3 g5 29. f3 h5 30. h3 g4 31. hxg4 hxg4 32. f4 Nd5+ 33. Ke4 Nf6+ 34. Ke3 Nd5+ 1/2-1/2

[Event "Teplice op"]
[Site "Teplice"]
[Date "2023.06.13"]
[Round "4"]
[White "Babula, Vlastimil"]
[Black "Pasti, Aron"]
[Result "1-0"]
[WhiteElo "2543"]
[BlackElo "2335"]
[PlyCount "69"]
[EventDate "2023.06.10"]
[EventType "swiss"]
[EventRounds "9"]
[EventCountry "CZE"]
[SourceTitle "CBM 214 Extra"]
[Source "ChessBase"]
[SourceDate "2023.07.31"]
[SourceVersion "1"]
[SourceVersionDate "2023.07.31"]
[SourceQuality "1"]

1. d4 d5 2. c4 e6 3. Nc3 Nf6 4. Nf3 dxc4 5. e4 b5 6. e5 Nd5 7. Nxb5 Nb6 8. Be2 Be7 9. 0-0 Nc6 10. Be3 0-0 11. Nc3 a5 12. a3 a4 13. Qc2 Na5 14. Nxa4 Nb3 15. Nxb6 cxb6 16. Rad1 b5 17. Qe4 Qd5 18. Qg4 Rd8 19. Ng5 Bb7 20. Bf3 Qd7 21. Ne4 Kh8 22. h4 Qc7 23. h5 h6 24. Rfe1 Rd7 25. Nc3 b4 26. axb4 Bxb4 27. d5 exd5 28. e6 fxe6 29. Bf4 Qd8 30. Rxe6 Bxc3 31. bxc3 Ra6 32. Rde1 Rxe6 33. Rxe6 Re7 34. Be5 Rxe6 35. Qxg7# 1-0

[Event "Mosty u Jablunkova op 20th"]
[Site "Mosty u Jablunkova"]
[Date "2023.05.27"]
[Round "4"]
[White "Babula, Vlastimil"]
[Black "Mica, Marek"]
[Result "1-0"]
[WhiteElo "2551"]
[BlackElo "2156"]
[PlyCount "55"]
[EventDate "2023.05.27"]
[EventType "swiss (rapid)"]
[EventRounds "9"]
[EventCountry "CZE"]
[SourceTitle "EXT 2024"]
[Source "ChessBase"]
[SourceDate "2023.10.10"]
[SourceVersion "1"]
[SourceVersionDate "2023.10.10"]
[SourceQuality "1"]

1. Nf3 d5 2. e3 e6 3. c4 Nf6 4. b3 Be7 5. Bb2 0-0 6. Qc2 dxc4 7. bxc4 c5 8. Bd3 h6 9. Rg1 Nc6 10. a3 Nd7 11. g4 Bf6 12. Nc3 b6 13. Bh7+ Kh8 14. Be4 Bb7 15. 0-0-0 Rb8 16. h4 Nce5 17. Nxe5 Nxe5 18. g5 Bxe4 19. Qxe4 Nd3+ 20. Kc2 Nxf2 21. gxf6 g6 22. Qf4 Qd3+ 23. Kc1 Kh7 24. Qxf2 Qxc4 25. Qf4 Qd3 26. h5 b5 27. hxg6+ fxg6 28. Qc7+ 1-0

[Event "Mosty u Jablunkova op 20th"]
[Site "Mosty u Jablunkova"]
[Date "2023.05.27"]
[Round "6"]
[White "Babula, Vlastimil"]
[Black "Piesik, Piotr"]
[Result "1/2-1/2"]
[WhiteElo "2551"]
[BlackElo "2387"]
[PlyCount "30"]
[EventDate "2023.05.27"]
[EventType "swiss (rapid)"]
[EventRounds "9"]
[EventCountry "CZE"]
[SourceTitle "EXT 2024"]
[Source "ChessBase"]
[SourceDate "2023.10.10"]
[SourceVersion "1"]
[SourceVersionDate "2023.10.10"]
[SourceQuality "1"]

1. Nf3 d5 2. e3 Nf6 3. c4 e6 4. b3 c5 5. Bb2 Nc6 6. cxd5 exd5 7. d4 Bg4 8. dxc5 Bxc5 9. Be2 0-0 10. 0-0 Qd6 11. Nc3 Rad8 12. Nb5 Qe7 13. Rc1 Ne4 14. Nfd4 Bd7 15. Nc3 Nxd4 1/2-1/2

[Event "Mosty u Jablunkova op 20th"]
[Site "Mosty u Jablunkova"]
[Date "2023.05.27"]
[Round "1"]
[White "Cyron, Karel"]
[Black "Babula, Vlastimil"]
[Result "0-1"]
[WhiteElo "1626"]
[BlackElo "2551"]
[PlyCount "58"]
[EventDate "2023.05.27"]
[EventType "swiss (rapid)"]
[EventRounds "9"]
[EventCountry "CZE"]
[SourceTitle "EXT 2024"]
[Source "ChessBase"]
[SourceDate "2023.10.10"]
[SourceVersion "1"]
[SourceVersionDate "2023.10.10"]
[SourceQuality "1"]

1. e4 c5 2. Nf3 d6 3. d4 cxd4 4. Nxd4 Nf6 5. Nc3 a6 6. Be2 e5 7. Nb3 Be6 8. 0-0 Nbd7 9. Kh1 Rc8 10. f4 Be7 11. f5 Bc4 12. Bxc4 Rxc4 13. Nd2 Rc8 14. Nd5 Nxd5 15. exd5 Nf6 16. c4 b5 17. b3 0-0 18. Bb2 Re8 19. Qf3 Qa5 20. Bc3 Qb6 21. Rac1 h6 22. h4 h5 23. Ne4 bxc4 24. Nxf6+ Bxf6 25. Qxh5 cxb3 26. axb3 Qxb3 27. Bd2 Qxd5 28. Rcd1 Rc2 29. Qg4 Rxd2 0-1

[Event "Mosty u Jablunkova op 20th"]
[Site "Mosty u Jablunkova"]
[Date "2023.05.27"]
[Round "7"]
[White "Kantorik, Marian"]
[Black "Babula, Vlastimil"]
[Result "0-1"]
[WhiteElo "2095"]
[BlackElo "2551"]
[PlyCount "58"]
[EventDate "2023.05.27"]
[EventType "swiss (rapid)"]
[EventRounds "9"]
[EventCountry "CZE"]
[SourceTitle "EXT 2024"]
[Source "ChessBase"]
[SourceDate "2023.10.10"]
[SourceVersion "1"]
[SourceVersionDate "2023.10.10"]
[SourceQuality "1"]

1. d4 Nf6 2. c4 e6 3. Nc3 Bb4 4. e3 0-0 5. Nge2 Re8 6. a3 Bf8 7. d5 a5 8. Ng3 Na6 9. Be2 Nc5 10. b3 exd5 11. cxd5 g6 12. Bb2 h5 13. 0-0 h4 14. Nh1 d6 15. b4 axb4 16. axb4 Rxa1 17. Bxa1 Nce4 18. Nxe4 Rxe4 19. Qb3 Bg7 20. f3 Re8 21. Nf2 Nh5 22. Bxg7 Kxg7 23. Bb5 Re5 24. Qc3 Kh7 25. Bc4 Qe7 26. e4 Nf4 27. Qc2 Rg5 28. Ng4 Bxg4 29. fxg4 Rxg4 0-1

[Event "Mosty u Jablunkova op 20th"]
[Site "Mosty u Jablunkova"]
[Date "2023.05.27"]
[Round "9"]
[White "Sikorova, Olga"]
[Black "Babula, Vlastimil"]
[Result "0-1"]
[WhiteElo "2146"]
[BlackElo "2551"]
[PlyCount "70"]
[EventDate "2023.05.27"]
[EventType "swiss (rapid)"]
[EventRounds "9"]
[EventCountry "CZE"]
[SourceTitle "EXT 2024"]
[Source "ChessBase"]
[SourceDate "2023.10.10"]
[SourceVersion "1"]
[SourceVersionDate "2023.10.10"]
[SourceQuality "1"]

1. c4 b6 2. Nc3 Bb7 3. e4 e6 4. d4 Bb4 5. Bd3 f5 6. Qh5+ g6 7. Qe2 Nf6 8. d5 fxe4 9. Bxe4 Nxe4 10. Qxe4 Bxc3+ 11. bxc3 Qf6 12. Ne2 Na6 13. Ba3 0-0-0 14. 0-0 exd5 15. cxd5 Rhe8 16. Qd3 Qe5 17. Rfe1 Qxd5 18. Qxd5 Bxd5 19. Nf4 Rxe1+ 20. Rxe1 Bxa2 21. Re7 Bg8 22. h4 Nc5 23. Bxc5 bxc5 24. h5 gxh5 25. Nxh5 Rf8 26. g4 a5 27. g5 a4 28. Nf6 a3 29. Re1 a2 30. Ra1 Kb7 31. f4 Be6 32. Kf2 h6 33. Kg3 hxg5 34. fxg5 Kc6 35. Kf4 Rb8 0-1

[Event "CZE-ch"]
[Site "Bystrice nad Pernstejnem"]
[Date "2023.05.15"]
[Round "7"]
[White "Babula, Vlastimil"]
[Black "Plat, Vojtech"]
[Result "1/2-1/2"]
[WhiteElo "2532"]
[BlackElo "2530"]
[PlyCount "67"]
[EventDate "2023.05.09"]
[EventType "tourn"]
[EventRounds "9"]
[EventCountry "CZE"]
[EventCategory "11"]
[SourceTitle "CBM 214 Extra"]
[Source "ChessBase"]
[SourceDate "2023.07.31"]
[SourceVersion "1"]
[SourceVersionDate "2023.07.31"]
[SourceQuality "1"]

1. d4 d5 2. c4 e5 3. dxe5 d4 4. Nf3 Nc6 5. a3 Nge7 6. b4 Ng6 7. Bb2 a5 8. b5 Ncxe5 9. Nxe5 Nxe5 10. e3 Be6 11. Bxd4 Nxc4 12. Qc2 Nd6 13. Bd3 Qg5 14. 0-0 Nxb5 15. Bxb5+ Qxb5 16. Qxc7 Rc8 17. Qg3 h5 18. Nc3 Qc6 19. Qg5 h4 20. Qxa5 h3 21. Qb5 hxg2 22. Rfb1 Bd7 23. Qe5+ Qe6 24. Qxe6+ fxe6 25. Rxb7 Bc6 26. Rb6 Rh5 27. Ne4 Kd7 28. Ng3 Ra5 29. e4 Bd6 30. Rd1 Ke7 31. Rc1 Kd7 32. Rd1 Ke7 33. Rc1 Kd7 34. Rd1 1/2-1/2

[Event "Bundesliga 2223"]
[Site "Germany"]
[Date "2023.04.30"]
[Round "15.6"]
[White "Babula, Vlastimil"]
[Black "Heinemann, Thies"]
[Result "1-0"]
[WhiteElo "2574"]
[BlackElo "2484"]
[PlyCount "53"]
[EventDate "2022.10.21"]
[EventType "team-tourn"]
[EventRounds "15"]
[EventCountry "GER"]
[SourceTitle "CBM 213 Extra"]
[Source "ChessBase"]
[SourceDate "2023.05.31"]
[SourceVersion "1"]
[SourceVersionDate "2023.05.31"]
[SourceQuality "1"]
[WhiteTeam "Werder Bremen"]
[BlackTeam "Hamburger SK"]
[WhiteTeamCountry "GER"]
[BlackTeamCountry "GER"]

1. d4 Nf6 2. c4 e6 3. Nf3 b6 4. a3 Ba6 5. Qc2 Bb7 6. Nc3 c5 7. e4 cxd4 8. Nxd4 Bc5 9. Nb3 Nc6 10. Nxc5 bxc5 11. Be3 Qb6 12. f3 Nd4 13. Qf2 e5 14. Bd3 0-0 15. b4 d6 16. 0-0 Nd7 17. Rab1 Qa6 18. Rfd1 Rab8 19. a4 cxb4 20. Nb5 Nc5 21. Rxb4 Nc6 22. Rbb1 Nxd3 23. Rxd3 Qxa4 24. Ra3 Qxc4 25. Nxd6 Qe6 26. Nxb7 Rfd8 27. Raa1 1-0

[Event "Bundesliga 2223"]
[Site "Germany"]
[Date "2023.04.29"]
[Round "14.6"]
[White "Fromm, Marius"]
[Black "Babula, Vlastimil"]
[Result "1/2-1/2"]
[WhiteElo "2425"]
[BlackElo "2574"]
[PlyCount "58"]
[EventDate "2022.10.21"]
[EventType "team-tourn"]
[EventRounds "15"]
[EventCountry "GER"]
[SourceTitle "CBM 213 Extra"]
[Source "ChessBase"]
[SourceDate "2023.05.31"]
[SourceVersion "1"]
[SourceVersionDate "2023.05.31"]
[SourceQuality "1"]
[WhiteTeam "Kiel Turm"]
[BlackTeam "Werder Bremen"]
[WhiteTeamCountry "GER"]
[BlackTeamCountry "GER"]

1. e4 c5 2. Nf3 e6 3. c4 Nc6 4. d4 cxd4 5. Nxd4 Nf6 6. Nc3 Bb4 7. Nxc6 bxc6 8. Bd3 e5 9. 0-0 0-0 10. Qe2 Re8 11. Na4 d5 12. cxd5 cxd5 13. Bg5 Bg4 14. f3 Bd7 15. Nc3 dxe4 16. fxe4 Bg4 17. Qe3 Qb6 18. Qxb6 axb6 19. Bxf6 Bxc3 20. bxc3 gxf6 21. Rxf6 Be6 22. a4 Rec8 23. Ra3 Rc5 24. Rf1 Bc4 25. Bxc4 Rxc4 26. Rb1 Raxa4 27. Rxa4 Rxa4 28. Rxb6 Rxe4 29. Kf2 Rc4 1/2-1/2

[Event "SVK-chT 2223"]
[Site "Slovakia"]
[Date "2023.04.01"]
[Round "10.1"]
[White "Babula, Vlastimil"]
[Black "Zilka, Stepan"]
[Result "1/2-1/2"]
[WhiteElo "2574"]
[BlackElo "2594"]
[PlyCount "52"]
[EventDate "2022.10.22"]
[EventType "team-tourn"]
[EventRounds "11"]
[EventCountry "SVK"]
[SourceTitle "EXT 2024"]
[Source "ChessBase"]
[SourceDate "2023.10.10"]
[SourceVersion "1"]
[SourceVersionDate "2023.10.10"]
[SourceQuality "1"]
[WhiteTeam "Humenne Reinter"]
[BlackTeam "Modra"]
[WhiteTeamCountry "SVK"]
[BlackTeamCountry "SVK"]

1. d4 d5 2. c4 e6 3. Nc3 c5 4. cxd5 exd5 5. Nf3 Nf6 6. Bg5 Be6 7. Bxf6 Qxf6 8. e3 c4 9. g3 Nc6 10. Bg2 Bb4 11. 0-0 0-0 12. a3 Ba5 13. Nd2 Rad8 14. Qc1 a6 15. b3 b5 16. bxc4 bxc4 17. Nxc4 Bxc3 18. Qxc3 Nxd4 19. exd4 dxc4 20. Rfd1 Rd6 21. Rac1 Rfd8 22. d5 Qxc3 23. Rxc3 Bxd5 24. Rxd5 Rxd5 25. Bxd5 Rxd5 26. Rxc4 f6 1/2-1/2

[Event "CZE-chT 2223"]
[Site "Czech Republic"]
[Date "2023.03.25"]
[Round "10.4"]
[White "Babula, Vlastimil"]
[Black "Cerveny, Martin"]
[Result "1/2-1/2"]
[WhiteElo "2574"]
[BlackElo "2404"]
[PlyCount "120"]
[EventDate "2022.10.15"]
[EventType "team-tourn"]
[EventRounds "11"]
[EventCountry "CZE"]
[SourceTitle "CBM 213 Extra"]
[Source "ChessBase"]
[SourceDate "2023.05.31"]
[SourceVersion "1"]
[SourceVersionDate "2023.05.31"]
[SourceQuality "1"]
[WhiteTeam "Novoborsky"]
[BlackTeam "Lysa nad Labem"]
[WhiteTeamCountry "CZE"]
[BlackTeamCountry "CZE"]

1. d4 Nf6 2. c4 e6 3. Nc3 d5 4. cxd5 Nxd5 5. e4 Nxc3 6. bxc3 c5 7. Rb1 cxd4 8. cxd4 Be7 9. Nf3 0-0 10. Bc4 Nd7 11. 0-0 b6 12. Bf4 Bb7 13. Qe2 Nf6 14. Bd3 Rc8 15. Rfe1 Rc3 16. Rbd1 Qa8 17. Bb1 Re8 18. h4 a5 19. Ne5 Ba6 20. Qb2 Rec8 21. Bd2 R3c7 22. Qxb6 a4 23. Rc1 Bd8 24. Rxc7 Bxc7 25. Qb4 Bb7 26. f3 Rd8 27. Rc1 Qb8 28. Be3 Bxe5 29. dxe5 Nd7 30. f4 Rc8 31. Qxa4 Rxc1+ 32. Bxc1 Bc6 33. Qxc6 Qxb1 34. Kh2 Nf8 35. a4 Qb4 36. Qc2 Qe1 37. g3 h5 38. Ba3 Nd7 39. Kg2 Nb6 40. Bc5 Qa5 41. Bxb6 Qxb6 42. Kf3 Qb4 43. f5 Kh7 44. f6 Qa3+ 45. Kg2 Qa1 46. Qc7 Qd1 47. Qc4 Qd2+ 48. Kf3 Qd1+ 49. Qe2 Qxa4 50. Kf4 g6 51. g4 hxg4 52. h5 g5+ 53. Kxg5 Qd4 54. Kxg4 Qxe5 55. Qf3 Kh6 56. Qe3+ Kh7 57. Qf4 Qd4 58. e5 Qg1+ 59. Qg3 Qd1+ 60. Kh4 Qh1+ 1/2-1/2

[Event "CZE-chT 2223"]
[Site "Czech Republic"]
[Date "2023.02.19"]
[Round "8.3"]
[White "Babula, Vlastimil"]
[Black "Mica, Marek"]
[Result "1/2-1/2"]
[WhiteElo "2574"]
[BlackElo "2200"]
[PlyCount "51"]
[EventDate "2022.10.15"]
[EventType "team-tourn"]
[EventRounds "11"]
[EventCountry "CZE"]
[SourceTitle "CBM 213 Extra"]
[Source "ChessBase"]
[SourceDate "2023.05.31"]
[SourceVersion "1"]
[SourceVersionDate "2023.05.31"]
[SourceQuality "1"]
[WhiteTeam "Novoborsky"]
[BlackTeam "Frydek Mistek"]
[WhiteTeamCountry "CZE"]
[BlackTeamCountry "CZE"]

1. d4 d5 2. c4 e6 3. Nc3 a6 4. Nf3 dxc4 5. a4 Nf6 6. e4 Bb4 7. e5 Nd5 8. Bd2 c5 9. Bxc4 cxd4 10. Ne4 Be7 11. 0-0 Nc6 12. Re1 h6 13. Qe2 b6 14. Rac1 Bb7 15. Nd6+ Bxd6 16. Bxd5 Bc5 17. Bxc6+ Bxc6 18. b4 Bxf3 19. Qxf3 Be7 20. Qc6+ Kf8 21. Qb7 g6 22. Rc7 Rb8 23. Qa7 Ra8 24. Qb7 Rb8 25. Qa7 Ra8 26. Qb7 1/2-1/2

[Event "SVK-chT 2223"]
[Site "Slovakia"]
[Date "2023.01.21"]
[Round "5.3"]
[White "Babula, Vlastimil"]
[Black "Piesik, Piotr"]
[Result "1/2-1/2"]
[WhiteElo "2574"]
[BlackElo "2423"]
[PlyCount "67"]
[EventDate "2022.10.22"]
[EventType "team-tourn"]
[EventRounds "11"]
[EventCountry "SVK"]
[SourceTitle "EXT 2024"]
[Source "ChessBase"]
[SourceDate "2023.10.10"]
[SourceVersion "1"]
[SourceVersionDate "2023.10.10"]
[SourceQuality "1"]
[WhiteTeam "Humenne Reinter"]
[BlackTeam "Dubnica nad Vahom"]
[WhiteTeamCountry "SVK"]
[BlackTeamCountry "SVK"]

1. d4 Nf6 2. c4 e6 3. Nc3 d5 4. cxd5 exd5 5. Bg5 c6 6. Qc2 Be7 7. e3 0-0 8. Bd3 h6 9. Bh4 Re8 10. Nge2 a5 11. 0-0 Na6 12. a3 Nc7 13. Kh1 b5 14. f3 Ba6 15. Bf2 b4 16. Na4 Bxd3 17. Qxd3 bxa3 18. bxa3 Nb5 19. Rfc1 Rc8 20. Rc2 Nd7 21. Nc1 Nb6 22. Nxb6 Qxb6 23. a4 Nd6 24. Nb3 Nc4 25. Nd2 Nxd2 26. Qxd2 Bb4 27. Qd3 Re6 28. e4 dxe4 29. fxe4 Qd8 30. Rac1 Qe8 31. d5 Rd8 32. Rc4 cxd5 33. exd5 Re2 34. Qf3 1/2-1/2

[Event "CZE-chT1E 2223"]
[Site "Czech Republic"]
[Date "2023.01.15"]
[Round "6.2"]
[White "Fiala, Vaclav"]
[Black "Babula, Vlastimil"]
[Result "0-1"]
[WhiteElo "2322"]
[BlackElo "2574"]
[PlyCount "63"]
[EventDate "2022.10.08"]
[EventType "team-tourn"]
[EventRounds "11"]
[EventCountry "CZE"]
[SourceTitle "CBM 213 Extra"]
[Source "ChessBase"]
[SourceDate "2023.05.31"]
[SourceVersion "1"]
[SourceVersionDate "2023.05.31"]
[SourceQuality "1"]
[WhiteTeam "Jundrov Jezdci"]
[BlackTeam "Stare Mesto"]
[WhiteTeamCountry "CZE"]
[BlackTeamCountry "CZE"]

1. c4 e5 2. Nc3 Nf6 3. g3 Bb4 4. e4 0-0 5. Nge2 a6 6. Bg2 b5 7. cxb5 axb5 8. 0-0 Bb7 9. d4 exd4 10. Qxd4 Nc6 11. Qd1 Re8 12. Bg5 Be7 13. Nxb5 Nxe4 14. Bf4 Nd6 15. Nxd6 Bxd6 16. Bxd6 cxd6 17. Nc3 Qb8 18. b3 Ra5 19. Nd5 Nb4 20. Nxb4 Bxg2 21. Kxg2 Qxb4 22. Re1 Re6 23. Re2 h5 24. Rd2 h4 25. Rd4 Qb7+ 26. f3 Rae5 27. gxh4 Re2+ 28. Kg3 Qb6 29. Qg1 Qc5 30. Rg4 Qe5+ 31. Kh3 Qf6 32. Qg3 0-1